Study on growth rate of cp-avianby using cp feed and concentrate of broken rice and soybean at agriculture, ការសិក្សាលើការលូតលាស់របស់មាន់ពូជ CP-AVIAN ដោយប្រើប្រាស់ចំណីផ្សំក្រុមហ៊ុន CP និងចំណីផ្សំមានចុងអង្ករ សណ្ដែកសៀង នៅសាកលវិទ្យាល័យភូមិន្ទកសិកម្ម (Record no. 7849)
[ view plain ]
| 000 -LEADER | |
|---|---|
| fixed length control field | 00828nam a22001457a 4500 |
| 003 - CONTROL NUMBER IDENTIFIER | |
| control field | OSt |
| 005 - DATE AND TIME OF LATEST TRANSACTION | |
| control field | 20160330083101.0 |
| 008 - FIXED-LENGTH DATA ELEMENTS--GENERAL INFORMATION | |
| fixed length control field | 160330b xxu||||| |||| 00| 0 eng d |
| 040 ## - CATALOGING SOURCE | |
| Transcribing agency | RUA |
| 082 ## - DEWEY DECIMAL CLASSIFICATION NUMBER | |
| Classification number | AVM DO 2011 B472 Or.1 |
| 100 ## - MAIN ENTRY--PERSONAL NAME | |
| 9 (RLIN) | 8226 |
| Personal name | DO DEN; ដួ ដែន |
| 245 ## - TITLE STATEMENT | |
| Title | Study on growth rate of cp-avianby using cp feed and concentrate of broken rice and soybean at agriculture, ការសិក្សាលើការលូតលាស់របស់មាន់ពូជ CP-AVIAN ដោយប្រើប្រាស់ចំណីផ្សំក្រុមហ៊ុន CP និងចំណីផ្សំមានចុងអង្ករ សណ្ដែកសៀង នៅសាកលវិទ្យាល័យភូមិន្ទកសិកម្ម |
| 300 ## - PHYSICAL DESCRIPTION | |
| Extent | ix,36p. |
| Other physical details | ill. |
| Dimensions | 29cm. |
| 942 ## - ADDED ENTRY ELEMENTS (KOHA) | |
| Source of classification or shelving scheme | |
| Koha item type | AVM |
No items available.